Alberto Durero : (Record no. 141645)

MARC details
000 -CABECERA
campo de control de longitud fija 00709cam a22002414a 4500
003 - IDENTIFICADOR DEL NÚMERO DE CONTROL
campo de control UPN
005 - FECHA Y HORA DE LA ÚLTIMA TRANSACCIÓN
campo de control 20220303094151.0
008 - ELEMENTOS DE LONGITUD FIJA--INFORMACIÓN GENERAL
campo de control de longitud fija 090218s2005 es a r 000 0bspa d
020 ## - NÚMERO INTERNACIONAL NORMALIZADO PARA LIBROS
Número Internacional Estándar del Libro 8489804842
035 ## - NÚMERO DE CONTROL DEL SISTEMA
Número de control de sistema UPN01000169539
040 ## - FUENTE DE LA CATALOGACIÓN
Centro catalogador/agencia de origen UPN
Lengua de catalogación spa
Centro/agencia transcriptor UPN
049 ## - COLECCIÓN
Colección CG
050 #4 - SIGNATURA TOPOGRÁFICA DE LA BIBLIOTECA DEL CONGRESO
Número de clasificación ND588 D9
Número de documento/Ítem A4.2
100 1# - ASIENTO PRINCIPAL--NOMBRE PERSONAL
Nombre de persona Salzgeber, Dieter,
Fechas asociadas al nombre 1958-
9 (RLIN) 43571
245 10 - MENCIÓN DE TÍTULO
Título Alberto Durero :
Resto del título el rinoceronte /
Mención de responsabilidad, etc. Dieter Salzgeber ; tr. L. Rodríguez López.
260 ## - PUBLICACIÓN, DISTRIBUCIÓN, ETC.
Lugar de publicación, distribución, etc. Salamanca, Esp. :
Nombre del editor, distribuidor, etc. Lóguez,
Fecha de publicación, distribución, etc. 2005.
300 ## - DESCRIPCIÓN FÍSICA
Extensión 128 p. :
Otras características físicas il. col.
490 0# - MENCIÓN DE SERIE
Mención de serie Lóguez Joven Arte
534 ## - NOTA SOBRE LA VERSIÓN ORIGINAL
Frase introductoria Traducción de:
Mención de título del original Das rhinozeros
600 10 - ASIENTO SECUNDARIO DE MATERIA - NOMBRE PERSONAL
Nombre de persona Dürer, Albrecht,
Fechas asociadas al nombre 1471-1528
9 (RLIN) 43570
905 ## - TIPO DE MATERIAL
Tipo de material Libro
942 ## - ELEMENTOS DE PUNTO DE ACCESO ADICIONAL (KOHA)
Fuente del sistema de clasificación o colocación Library of Congress Classification
Tipo de ítem Koha Libro
Holdings
Estado de retiro Estado de pérdida Fuente del sistema de clasificación o colocación Estado dañado No para préstamo Código de colección Localización permanente Ubicación/localización actual Ubicación en estantería Total de préstamos Clasificación Código de barras Fecha visto por última vez Tipo de ítem Koha
    Library of Congress Classification     Colección General Bib. Gregorio Torres Quintero Bib. Gregorio Torres Quintero Planta baja   ND588 D9 A4.2 AP48 31/12/2020 Libro